| 000 | 00516nam a22001937a 4500 | ||
|---|---|---|---|
| 003 | MPLRDC | ||
| 005 | 20220104143633.0 | ||
| 008 | 210129b ||||| |||| 00| 0 eng d | ||
| 020 | _a7-80154-095-6 | ||
| 082 | _a859.4 XXS-2 | ||
| 100 | _a粟周雄 编译 | ||
| 245 |
_a一只红毛羊 _c |
||
| 250 | _a一版一刷 | ||
| 260 |
_a _b中国和平 _c1999 |
||
| 300 | _b平 | ||
| 490 | _a小学生独立阅读丛书. 世界童话故事(动物篇) | ||
| 650 | _a童话故事(动物篇) | ||
| 942 |
_cBK _o859.4 XXS-2 |
||
| 999 |
_c41871 _d41861 |
||